000 00427nam a2200169Ia 4500
003 GCL
008 140319s9999 xx 000 0 aRus d
040 _aGCL /
_cGCL
082 0 4 _a860
_bA N
100 1 _aARISOFANES
245 1 0 _aLAS NUBES LISISTRATA DINERS /
_cARISOFANES
260 _a[S.N] :
_bA LIANZA EDITORIAL ،
_c1987
300 _a223 P
650 0 4 _aLITERATURE
650 0 4 _aSPANISH LITERATURE
942 _2ddc
_cBK
999 _c23997
_d23997